000 01156nam a2200289Ia 4500
003 GCL
008 140319s9999 xx 000 0 ara d
040 _aGCL /
_cGCL
082 0 4 _aق
_b911.62
_bم م
100 1 _aكازانوفا، بول
245 1 0 _aالمواعظ والاعتبار فى ذكر الخطط والاثار (ترجمة فرنسية) magrizi, discciption topographigue et historigue de egypt /
_cكازانوفا، بول
700 1 _aايرج
700 1 _aفؤاد سزكين
700 1 _aبوريان أوربن
700 1 _aجرافة
700 1 _aالمقريزى : تقى الدين ابو العباس احمد بن على بن عبدالقادر بن محمد الحسينى العبيدى
260 _a[S.N] :
_bمعهد تاريخ العلوم العربية والاسلامية ،
_c1992
300 _aمتعدد
490 _aالجغرافيا الاسلامية
_v0
650 0 4 _aتاريخ
650 0 4 _aالقبائل العربية
650 0 4 _aالاثار الاسلامية
650 0 4 _aالاهرام
650 0 4 _aالقاهرة
650 0 4 _aالمدن والقرى
942 _2ddc
_cBK
999 _c36996
_d36996